Divi Ambrosii Episcopi Mediolanensis omnia opera, per eruditos viros ex accurata diversorum codicum collatione emmendata ..., in quatuor ordines digesta: quorum primus habet mores: secundus pugnas adversus haereticos: tertius orationes, epistola (Registro nro. 78887)
[ vista simple ]
| 000 -ENCABEZADO | |
|---|---|
| Número de control [NR] | 02156nam a2200325Ia 4500 |
| 005 - FECHA Y HORA DE LA ÚLTIMA TRANSACCIÓN | |
| control field | 20160202104835.0 |
| 008 - DE LONGITUD FIJA DE DATOS DE ELEMENTOS - INFORMACIÓN GENERAL | |
| Elementos de longitud fija [NR] | 130821s1539 fr a gr lat |
| 040 ## - FUENTE DE CATALOGACION [NR] | |
| Agencia de catalogación original [NR] | Co-BoUCM |
| Idioma de catalogación [NR] | spa |
| Quien Cataloga | Sandra Yazo |
| Quien Clasifica | Sandra Yazo |
| 041 0# - CODIGO DE IDIOMA [R] | |
| Código de idioma para texto/pista de sonido o título separado [R] | Latín |
| 082 04 - NUMERO DE CLASIFICACION DECIMAL DEWEY [R] | |
| Número de clasificación [R] | 264.02 |
| Número de la edición [NR] | 20 |
| 092 ## - SIGNATURA TOPOGRAFICA LOCAL | |
| Número de clasificación local | E16N059 |
| 100 1# - ASIENTO PRINCIPAL--NOMBRE PERSONAL [NR] | |
| Nombre personal [NR] | Ambrose |
| Títulos u otras palabras asociadas al nombre [R] | Saint, Bishop of Milan |
| Fechas asociadas con el nombre [NR] | d. 397 |
| ID Autoridad | 75130 |
| 245 10 - MENCION DE TITULO [NR] | |
| Título [NR] | Divi Ambrosii Episcopi Mediolanensis omnia opera, per eruditos viros ex accurata diversorum codicum collatione emmendata ..., in quatuor ordines digesta: quorum primus habet mores: secundus pugnas adversus haereticos: tertius orationes, epistola |
| 246 13 - FORMA VARIANTE DEL TITULO [R] | |
| Título propiamente dicho/forma breve del título [NR] | [Obras completas de San Ambrosio, Obispo de Milán. Corregidas por varones sabios después de la comparación de varios códices y organizadas en cuatro grandes partes. La primera, trata de temas morales. La segunda, de controversias con los herejes |
| 260 ## - PUBLICACION, DISTRIBUCION, ETC. (PIE DE IMPRENTA) [R] | |
| Lugar de publicación, distribución, etc. [R] | París (Francia) |
| Nombre del editor, distribuidor, etc. [R] | ex officina Feruasii Cheuallonii [Gervasio Chevallon] |
| Fecha de publicación, distribución, etc. [R] | 1539 |
| 300 ## - DESCRIPCION FISICA [R] | |
| Extensión [R] | [12], 558 páginas |
| Otros detalles físicos [NR] | ilustraciones |
| 500 ## - NOTA GENERAL [R] | |
| Nota general [NR] | Detalles físicos:Encuadernación rígida en tapas de madera, forradas en piel, con repujados sobre las tapas de gran calidad, muy deteriorada, (Notorio escudo con la Cruz de Calatrava, en el centro de la tapa delantera), faltante de media tapa de |
| 505 0# - NOTA DE CONTENIDO CON FORMATO PREESTABLECIDO [R] | |
| Nota de contenido con formato preestablecido [NR] | Tomo primero: Tres libros sobre los Deberes. ; Tres libros sobre las Vírgenes. ; Exhortación a las Vírgenes. ; Formación de las Vírgenes. ; La virgen devota y la virgen caída. ; Libro sobre las viudas. ; Dos libros sobre la penitencia. ; Exhorta |
| 506 ## - NOTA DE RESTRICCIONES DE ACCESO [R] | |
| Condiciones de acceso [NR] | Consulta en sala. |
| 520 ## - NOTA DE RESUMEN, ETC. [R] | |
| Nota de sumario, etc. [NR] | Texto, comentarios y notas sobre las Obras de Tertuliano. |
| 546 ## - NOTA DE IDIOMA [R] | |
| Nota de idioma [NR] | Texto en latín |
| 610 ## - ASIENTO SECUNDARIO DE MATERIA - NOMBRE CORPORATIVO [R] | |
| Nombre corporativo o nombre de la jurisdicción como elemento de entrada [NR] | Iglesia Católica |
| Subdivisión general [R] | Obras anteriores a 1700 |
| 9 (RLIN) | 7705 |
| 650 ## - ASIENTO SECUNDARIO DE MATERIA - TERMINO TEMATICO [R] | |
| Término temático o nombre geográfico como elemento de entrada [NR] | Padres de la iglesia |
| Subdivisión general [R] | Obras anteriores a 1700 |
| 9 (RLIN) | 20982 |
| 650 ## - ASIENTO SECUNDARIO DE MATERIA - TERMINO TEMATICO [R] | |
| Término temático o nombre geográfico como elemento de entrada [NR] | Teología |
| 9 (RLIN) | 25230 |
| 650 ## - ASIENTO SECUNDARIO DE MATERIA - TERMINO TEMATICO [R] | |
| Término temático o nombre geográfico como elemento de entrada [NR] | Teología |
| Subdivisión general [R] | Obras anteriores a 1700 |
| 9 (RLIN) | 25230 |
| 650 ## - ASIENTO SECUNDARIO DE MATERIA - TERMINO TEMATICO [R] | |
| Término temático o nombre geográfico como elemento de entrada [NR] | Vida cristiana |
| Subdivisión general [R] | Obras anteriores a 1600 |
| 9 (RLIN) | 26223 |
| 700 1# - ASIENTO SECUNDARIO - NOMBRE PERSONAL [R] | |
| Nombre personal [NR] | Chevallon, Gervasio |
| 9 (RLIN) | 75131 |
| 856 42 - LOCALIZACION Y ACCESO ELECTRONICOS [R] | |
| Tipo de formato electrónico [R] | Disponible en línea |
| Identificador Uniforme del Recurso (“URI”) [R] | <a href="http://gallica.bnf.fr/ark:/12148/bpt6k52881h/f2.item.zoom">http://gallica.bnf.fr/ark:/12148/bpt6k52881h/f2.item.zoom</a> |
| 942 ## - ELEMENTOS DE ENTRADA AGREGADOS (KOHA) | |
| Tipo de ítem principal el descrito en 300a | Libro |
| Tema principal | 4 |
| Edición | 1 |
| Sistema de clasificación | LOCAL |
| Clasificación | E16N059 |
| Suprimido | Perdido | Sistema de clasificación | Dañado | No prestable | Tipo de ítem específico | Ubicación habitual | Ubicación actual | Localización | Fecha de creación | Forma de adquisición | Costo | Volúmen / Fascículo | Total préstamos | Código de barras | Última vez visto | Ejemplar | Price effective from | Tipo de ítem |
|---|---|---|---|---|---|---|---|---|---|---|---|---|---|---|---|---|---|---|
| DEWEY | Libro archivo | Archivo Histórico | Archivo Histórico | Archivo histórico | 28/02/2014 | Donación | 0.00 | E16N059 | L002526 | 15/12/2012 | Ej.1 | 03/02/2013 | Libro |